| 000 | 00752nam a2200229 u 4500 | ||
|---|---|---|---|
| 005 | 20230211063606.0 | ||
| 008 | 181121s2015 mx r 000 0 spa d | ||
| 020 | _a9786074627695 | ||
| 035 | _aUPN01000228010 | ||
| 049 | _aCG | ||
| 050 | 4 |
_aJL966 _bA4.7 |
|
| 245 | 0 | 0 |
_aAlternativas para la democracia en América Latina / _ced. Silvia Gómez Tagle. |
| 260 |
_aMéxico : _bCOLMEX : _bINE, _c2015. |
||
| 300 |
_a428 p. : _bil., cuadros |
||
| 440 | 0 | _aCentro de estudios sociológicos | |
| 650 | 4 |
_aDEMOCRACIA - _zAMERICA LATINA _97543 |
|
| 651 | 4 |
_aAmérica Latina _xPolítica y gobierno _ySiglo XXI _99653 |
|
| 650 | 4 |
_aGRUPOS ETNICOS - _xACTIVIDAD POLITICA _918607 |
|
| 700 | 1 |
_aGómez Tagle, Silvia, _eed. |
|
| 905 | _aLibro | ||
| 999 |
_c200105 _d200105 |
||